02890nam a2200409 a 4500003000500000005001700005007000300022008004100025020002200066040001700088082003000105245014700135264006200282300005600344336002700400337002700427338002800454500001900482505137800501534002301879650002501902650004801927650003201975650005302007650004802060650003002108700004302138700004502181942000802226942000802234942000802242942000802250942000802258942001002266999001902276952018502295CHAP20250522094349.0ta231107s2017 sp ao||frf||| 001 0 spa d a978-84-16818-97-6 aZcCHAPerda00a636.2089079bM36 201722000aManual gráfico inmunología y enfermedades infecciosas en vacuno/cAna Doménech Gómez [ y siete más]; ilustrador Jacob Gragera Artal  1aZaragoza, España:bGrupo Asís Biomedia. Servet,c2017 a79 páginas:bilustraciones a color, fotograías  2rdacontentatextobtxt 2rdamediaasin mediobn 2rdacarrieravolumenbnc aej.1: consumo  gInmunología general. 1. Tejidos y órganos del sistema inmunitario.-- 2. Células y moléculas del sistema inmunitario.-- 3. Inmunidad innata. Fagocitosis.-- 4. Inmunidad adquirida.-- 5. Inflamación local y general.-- 6. Inmunoglobinas.-- 7. Inmunidad de mucosas.-- 8. Inmunidad de la glándula mamaria.-- 9. Inmunidad en la gestación y el feto.-- 10 Inmunidad en el neonato y ternero. Calostro. Transferencia pasiva de anticuerpos.-- 11. Inmunidad frente a virus.-- 12. Inmunidad frente a bacterias.-- 13. Inmunidad frente a protozoos.-- 14. Inmunodeficiencia e inmunosupresión.-- 15. Diagnostico inmunológico: inmunidad celular.-- 17. Diagnóstico directo: detección de antígenos y ácidos nucleicos.-- Enfermedades bovinas susceptibles de vacunación.-- 18. diarreas neonatales de los terneros.-- 19. Enfermedades respiratorias bovinas.-- 20. Enfermedades por clostridios.-- 21. Mastitis bovina.-- 22. Abortos en vacuno.-- 23. Diarrea vírica bovina.-- 24. Rinotraqueítis infecciosa bovina.-- 25 Tuberculosis bovina.-- 26. Paratuberculosis bovina.-- 27. Brucelosis bovina.-- 28. Lengua azul.-- 29. Fiebre aftosa.-- Prevención y control de las enfermedades bovinas.-- 30. Programas de control sanitario en vacuno.-- 31. Producción y administración de vacunas. -- 32. Recomendaciones de vacunación en vacuno de leche, cebo y reproductores. pTítulo original:13945425aGanado vacuno10aInmunología veterinariavManuales 958821139188221aSistema inmunitario139142716aEnfermedades del ganado vacunovManuales17936936aEnfermedades infecciosas en animales179117179aVacunasvManuales1 9188243aDoménech Gómez, Anaeautor1 9185920aGragera Artal, Jacobeilustrador 2ddc 2ddc 2ddc 2ddc 2ddc cLIBRO c219352d219352 00102ddc4051708CaZbZd2021-12-13eCompra por licitación Factura n. 237g2594.00iConsumol0o636.2089079 M36 2017p5102007395r2023-11-07 00:00:00tEj.1w2023-11-07yLIBRO